000 00408nam a22001697a 4500
005 20160430105534.0
008 160430b xxu||||| |||| 00| 0 eng d
020 _a07619-9249-9
041 _aeng
082 _b1014
100 _aSingh Indrani Parsuram Raja
_9316
245 _aHuman Cognition.
260 _aNew Delhi
_bSage Publication,
_c1998
300 _a371
650 _aManagement
_9241
942 _cBK
999 _c364
_d364